000 00844 a2200193 4500
008 130108t mx||||| |||| 00| 0 spa d
020 _a9709056565
050 0 4 _aF1391 .M8 .53 .T67
_bP56 1999
100 1 _aPineda Soto, Adriana
245 1 0 _aMariano de Jesús Torres :
_bun polígrafo moreliano /
_cAdriana Pineda Soto.
250 _a1a. ed.
260 _aMorelia, Michoacán de Ocampo, Mexico :
_bUMSNH, Instituto de Investigaciones Históricas : Sociedad Mexicana de Geografía y Estadística,
_c1999
300 _a212 p. :
_bil. ;
_c23 cm.
440 0 _aHistoria Nuestra ;
_nNo. 18
504 _aBibliografía: p. 199-205 e índice
600 1 7 _2LEMB
_aTorres, Mariano de Jesús,
_d[1838-1921]
_vBiografía
650 7 _2LEMB
_aPeriodistas michoacanos
_zMorelia (Michoacán de Ocampo)
_xHistoria
_zMéxico
_vBiografías
942 _2lcc
_cLIB
999 _c35961
_d35961